Trópico de câncer (Registo nº 230)

Detalhes MARC
000 -Etiqueta do registo
Cabeçalho 00775nam0a2200253 4500
005 - Identificador da versão
Campo de controlo 20240813121757.0
010 ## - Número internacional normalizado dos livros (ISBN)
Número (ISBN) 8496075702
021 ## - Número do Depósito Legal
Código do país ES
Número B.17105-2003
100 ## - Dados gerais de processamento
Dados gerais de processamento 20160509d2003 ke y0pory5003 ba
102 ## - Pais de publicação ou produção
País de publicação Portugal
101 1# - Língua de publicação
Língua do texto, banda sonora, etc. Português
Língua do documento no original Inglês
215 ## - Descrição física 
Indicação específica da natureza do documento e extensão da espécie 255, [1] p
200 1# - Titulo e menção de responsabilidade
Título próprio Trópico de câncer
Primeira menção de responsabilidade Henry Miller
Outras menções de responsabilidade trad. Fernanda Pinto Rodrigues
225 2# - Colecção 
Título próprio da colecção Mil folhas
Indicação de volume 52
210 ## - Publicação, Distribuição, etc. 
Lugar da edição, distribuição, etc. Porto
Nome do editor, distribuidor, etc. Público Comunicação Social
Data da publicação, distribuição, etc. cop. 2003
606 ## - Nome comum usado como assunto
Número de registo de entrada de autoridade 0002899
Palavra de ordem Literatura americana
Subdivisão de assunto Literatura erótica
Código do sistema CA
675 ## - Classificação Decimal Universal (CDU)
Notação 821.111(73)-993
Edição 3ª ed.
Língua da edição por
702 ## - Nome de autor-pessoa física (responsabilidade secundária)
Número de registo de entrada de autoridade 0000274
Palavra de ordem Rodrigues
Outra parte do nome não tomada para palavra de ordem Fernanda Pinto
Código de função Tradutor
700 ## - Nome de autor-pessoa física (responsabilidade principal)
Número de registo de entrada de autoridade 0000292
Palavra de ordem Miller
Outra parte do nome não tomada para palavra de ordem Henry
Datas 1891-1980
966 ## - Identificação da Biblioteca
Sigla EB2,3ENM
942 ## - Elementos de entrada adicionados (Koha)
Tipo de item no Koha Livro
Exemplares
Situação do levantamento Origin of item (home branch) (coded) Biblioteca de empréstimo Código de barras Cota Circulation type (not for loan) Tipo de documento Nota do exemplar Damaged status
  Biblioteca Escolar Eng. Nuno Mergulhão Biblioteca Escolar Eng. Nuno Mergulhão BENM784 82LE-9 MIL   Livro Sem mensagem